Statystyki dla Skocznie narciarskie - Niemcy

Kliknij tutaj aby rozwiązać quiz!

Ogólne statystyki

  • Ten quiz został rozwiązany 36 razy
  • Średni wynik to 3 z 8

Statystyki odpowiedzi

Odpowiedź% Poprawnych
Willingen
86%
Ga-Pa
71%
Titisee-Neustadt
51%
Hinterzarten
43%
Oberhof
43%
Klinghenthal
11%
Oberstdorf - mamut
6%
Oberstdorf - Orlen Arena
3%

Rozkład punktacji

Percentyl według liczby udzielonych odpowiedzi

Procent ludzi z każdym wynikiem

Twoja historia wyników

Nie rozwiązałeś tego quizu